Resolution directory to the Select Committee on Finance.

Bibliographic Details
Corporate Author: Confederate States of America. Congress. House of Representatives. Committee on Finance
Format: Microform Book
Language:English
Published: [Richmond] : [publisher not identified], [1863]
Series:Confederate imprints, 1861-1865 ; reel 6, no. 349.
Subjects:

MARC

Tag First Indicator Second Indicator Subfields
LEADER 00000cam a2200000 a 4500
001 in00001192113
005 20151002062649.0
007 hd afv---baca
008 890518s1863 xx a f000 0 eng d
035 |a (OCoLC)19729966 
035 |9 AGJ6589AM 
040 |a FEI  |c FEI  |d UtOrBLW 
043 |a n-usu-- 
049 |a TXAI 
090 |a E487  |b .C66 1974 reel 6 no. 349 
099 |a Film   |a  B 1664  |a reel 6, no. 349. 
110 1 |a Confederate States of America.  |b Congress.  |b House of Representatives.  |b Committee on Finance. 
245 1 0 |a Resolution directory to the Select Committee on Finance. 
264 1 |a [Richmond] :  |b [publisher not identified],  |c [1863] 
300 |a 1 unnumbered leaf ;  |c 24 cm. 
336 |a text  |b txt  |2 rdacontent 
337 |a microform  |b h  |2 rdamedia 
338 |a microfilm reel  |b hd  |2 rdacarrier 
500 |a Caption title. 
500 |a At head of title: (House of Representatives, number 7.) House of Representatives, December 21, 1863.--Referred to the Special Committee on Currency, and ordered to be printed. (By Mr. Heiskell.). 
500 |a Filmed from the holdings of the Boston Athenaeum. 
533 |a Microfilm.  |b New Haven, Conn. :  |c Research Publications,  |d [1974].  |e On reel 6 of 143 microfilm reels ; 35 mm.  |f (Confederate imprints, 1861-1865 ; reel 6, no. 349). 
539 |a s  |b 1974  |d ctu  |e n 
500 |a Microform. 
650 0 |a Treasury bills  |z Confederate States of America. 
650 0 |a Currency question  |z Confederate States of America. 
650 0 |a Finance, Public  |x Law and legislation  |z Confederate States of America. 
830 0 |a Confederate imprints, 1861-1865 ;  |v reel 6, no. 349. 
999 |a MARS 
999 f f |s 3c1286b7-e3fe-34ed-a59d-f148deb88d21  |i c51fe5f6-027f-37fe-a51c-99dc45556c59  |t 0 
952 f f |p default  |a Texas A&M University  |b College Station  |c Sterling C. Evans Library  |d Evans: Microforms (3rd floor)  |t 0  |e Film B 1664 reel 6, no. 349.  |h Other scheme  |i microform -- microfilm reel 
998 f f |a Film B 1664 reel 6, no. 349.  |t 0  |l Evans: Microforms (3rd floor)